[Event "56.SMM ASD Arci BZ-Deutschnofen/Alp"]
[Site "?"]
[Date "2025.02.22"]
[Round "8.6"]
[White "De Vita, Gianni"]
[Black "Gibitz, Othmar"]
[Result "1-0"]
[WhiteElo "1950"]
[BlackElo "1761"]
[PlyCount "48"]
[EventDate "2025.??.??"]

{[%evp 0,48,36,29,33,10,19,28,36,56,69,71,71,56,66,61,59,68,112,100,100,117,127,38,99,68,74,39,41,33,56,25,50,-12,25,12,18,-32,-17,-20,300,288,295,298,309,298,320,317,403,386,413]} 1. e4 e5 2. Nf3 Nc6 3. Bc4 d6 4. d4 Nxd4 5. Nxd4 exd4 6. Qxd4 Qf6 7. Qd3 Ne7 8. Nc3 a6 9. Be3 Be6 10. O-O-O Nc6 11. Bd5 Qd8 12. f4 Be7 13. Qe2 Qc8 14. h3 Bf6 15. f5 Bd7 16. Nb1 Qd8 17. Nd2 Qe7 18. g4 O-O-O 19. Qg2 Ne5 20. g5 Rhg8 21. gxf6 gxf6 22. Qe2 Rde8 23. Bf4 Nc6 24. Qh5 Nd8 1-0

[Event "56.SMM B J.Richter/Lask 2-Taufers"]
[Site "?"]
[Date "2025.02.22"]
[Round "8.3"]
[White "Forer, Erich"]
[Black "Buglisi, Massimo"]
[Result "0-1"]
[WhiteElo "1885"]
[BlackElo "1920"]
[PlyCount "38"]
[EventDate "2025.??.??"]

{[%evp 0,38,25,24,57,48,60,37,76,52,78,36,47,47,94,90,77,49,49,49,161,24,30,-32,-39,-86,17,7,20,-89,-73,-54,-49,-181,-14,-48,-52,-38,-38,-55,-76]} 1. d4 c5 2. d5 Nf6 3. c4 b5 4. cxb5 a6 5. b6 e6 6. Nc3 Nxd5 7. Nxd5 exd5 8. Qxd5 Nc6 9. Nf3 Rb8 10. Bd2 Rxb6 11. Ng5 Qf6 12. e3 Nb4 13. Bxb4 Rxb4 14. Rd1 Be7 15. Ne4 Qxb2 16. Bd3 O-O 17. O-O Bb7 18. Qxd7 Qe5 19. Ng3 g6 0-1

[Event "56.SMM B J.Richter/Lask 2-Taufers"]
[Site "?"]
[Date "2025.02.22"]
[Round "8.4"]
[White "Kowalczyk, Martin"]
[Black "Haidacher, Gerold"]
[Result "0-1"]
[WhiteElo "1825"]
[BlackElo "1853"]
[PlyCount "64"]
[EventDate "2025.??.??"]

{[%evp 0,64,25,25,43,31,50,54,50,26,35,17,30,24,17,18,-1,-17,-5,-1,4,-37,-37,-30,-13,-81,-68,-65,-43,-89,-46,-73,-15,-41,0,69,53,-96,-80,-82,-65,-160,-162,-169,-196,-186,-198,-198,-198,-200,-174,-166,-168,-178,-161,-175,-179,-215,-204,-231,-252,-312,-311,-943,-498,-536,-559]} 1. e4 c5 2. Nf3 e6 3. b3 Nc6 4. Bb2 d5 5. exd5 exd5 6. Bb5 Nf6 7. O-O Be7 8. Ne5 Qb6 9. Qe2 Be6 10. Re1 O-O 11. Bxc6 bxc6 12. Na3 Rfe8 13. Qf3 Rac8 14. Nb1 Ne4 15. d3 Nd6 16. Nc3 Nf5 17. Na4 Qc7 18. Re2 Nd4 19. Bxd4 cxd4 20. Rae1 Bb4 21. Rc1 f6 22. Ng4 h5 23. Nxf6+ gxf6 24. Qxf6 Bf7 25. Rxe8+ Rxe8 26. Qxd4 Qe7 27. Rf1 Bd6 28. f4 Qe2 29. Qf6 Re6 30. Qd8+ Kg7 31. f5 Rf6 32. Qd7 Bxh2+ 0-1

[Event "56.SMM B ASD Arci 2-Deutschnofen/Alp 2"]
[Site "?"]
[Date "2025.02.22"]
[Round "8.1"]
[White "Brotto, Alessandro"]
[Black "Niederstatter, Harald"]
[Result "1/2-1/2"]
[WhiteElo "2062"]
[BlackElo "1885"]
[PlyCount "131"]
[EventDate "2025.??.??"]
[EventType "swiss"]

{[%evp 0,131,19,31,19,19,75,45,56,49,56,31,43,13,37,41,74,43,71,62,51,56,58,49,52,56,46,51,90,80,64,68,61,46,42,39,71,27,64,29,51,46,56,31,52,56,56,67,59,51,62,60,59,101,102,94,93,96,137,122,136,130,228,206,259,231,232,181,219,160,154,183,194,171,199,185,185,197,197,197,178,66,39,41,29,29,81,52,34,39,25,38,57,64,30,27,36,55,35,32,32,-12,0,0,427,57,60,62,62,55,55,16,40,11,22,0,0,0,0,0,0,0,0,0,192,192,192,192,188,0,0,0,0,0]} 1. d4 d5 2. Bf4 c5 3. e3 cxd4 4. exd4 Nc6 5. c3 Bf5 6. Nf3 Qb6 7. Qb3 Qxb3 8. axb3 Nf6 9. Bb5 Bd7 10. Nbd2 e6 11. h3 Be7 12. O-O O-O 13. Rfe1 Ne8 14. Bd3 a6 15. b4 Bd6 16. Bg5 Nc7 17. Nb3 Rae8 18. Rad1 h6 19. Bc1 Ra8 20. Nc5 Bc8 21. Bf1 Ne7 22. Ne5 Bxe5 23. dxe5 b6 24. Na4 Rb8 25. Be3 Na8 26. b3 Nf5 27. Bf4 Bb7 28. Bd3 Nh4 29. Bg3 Ng6 30. f4 a5 31. f5 Ne7 32. f6 Ng6 33. h4 h5 34. Be2 axb4 35. cxb4 Rfd8 36. Bxh5 d4 37. Bg4 d3 38. h5 Nf8 39. fxg7 Kxg7 40. Bh4 Rd4 41. Bf6+ Kh6 42. Be2 Nd7 43. Rxd3 Rxd3 44. Bxd3 Nxf6 45. exf6 Kxh5 46. Re5+ Kg4 47. Kf2 Kf4 48. Rh5 Rg8 49. Bf1 Rg6 50. Nc3 Rxf6 51. Be2 Rg6 52. Bf3 Bxf3 53. gxf3 f5 54. Rh7 Rg8 55. Re7 Rh8 56. Rxe6 Rh2+ 57. Kg1 Rb2 58. Nd5+ Kxf3 59. Re3+ Kg4 60. Re8 Rd2 61. Ne3+ Kf4 62. Ng2+ Kg3 63. Rg8+ Kf3 64. Ne1+ Ke2 65. Re8+ Kd1 66. Nf3 1/2-1/2

[Event "56.SMM B ASD Arci 2-Deutschnofen/Alp 2"]
[Site "?"]
[Date "2025.02.22"]
[Round "8.4"]
[White "D'Ambrosio, Luca"]
[Black "Pichler, Hubertus"]
[Result "1/2-1/2"]
[WhiteElo "1876"]
[BlackElo "1718"]
[PlyCount "58"]
[EventDate "2025.??.??"]
[EventType "swiss"]

{[%evp 0,58,27,27,83,62,44,17,38,30,17,7,12,-9,-20,-5,23,-5,4,-18,10,10,23,-27,-32,-34,-29,-24,-15,-41,-24,-40,-11,-16,-19,-19,-33,-33,-25,-54,-35,-53,-47,-38,25,17,9,0,11,0,0,-50,-50,-57,-71,-89,-60,-51,0,0,0]} 1. d4 c6 2. Nf3 d5 3. c4 Bf5 4. Nc3 e6 5. e3 Nf6 6. Be2 Nbd7 7. O-O Be7 8. a3 h6 9. b4 a6 10. Bb2 O-O 11. cxd5 cxd5 12. Rc1 Rc8 13. Ne5 Bd6 14. f4 Ne4 15. Na4 Bxe5 16. Rxc8 Qxc8 17. fxe5 Qc6 18. Nc5 Ndxc5 19. dxc5 Qc7 20. Qd4 Qc6 21. Rc1 f6 22. exf6 gxf6 23. Qd1 e5 24. Bg4 Be6 25. Bxe6+ Qxe6 26. a4 Rf7 27. b5 axb5 28. axb5 Rg7 29. c6 bxc6 1/2-1/2

[Event "56.SMM B Klausen/Rk 2-Sparkasse Team"]
[Site "?"]
[Date "2025.02.22"]
[Round "8.1"]
[White "Valente, Luca"]
[Black "Schrott, Karl"]
[Result "1-0"]
[WhiteElo "1728"]
[BlackElo "1957"]
[PlyCount "101"]
[EventDate "2024.11.09"]

{[%evp 0,101,19,27,5,7,-8,-38,-20,-47,-19,-58,19,-68,-9,-9,-6,-57,0,-36,-12,-12,-16,-29,21,-6,29,40,54,11,10,13,17,25,29,23,38,34,25,25,18,-12,-19,-27,-22,-26,-1,-37,-20,-41,-47,-56,-48,-55,-39,-51,-16,-14,213,221,286,141,130,130,137,117,130,102,102,118,118,127,123,100,123,115,85,73,73,75,83,87,91,105,145,131,143,138,143,146,139,149,149,137,155,171,232,242,242,230,239,256,262,266]} 1. Nf3 {[%emt 0:00:00]} Nf6 {[%emt 0:00:00]} 2. c4 e6 3. g3 d5 4. Bg2 Be7 5. O-O O-O 6. b3 b6 7. Bb2 Bb7 8. e3 c5 9. Qe2 Nc6 10. Nc3 Qd7 11. Rfd1 Rfd8 12. d3 Ne8 13. Rac1 Bf6 14. Ne1 Bxc3 15. Bxc3 d4 16. exd4 cxd4 17. Bd2 e5 18. b4 f6 19. a4 Nd6 20. b5 Ne7 21. Bxb7 Nxb7 22. a5 bxa5 23. Rb1 a6 24. Qf3 axb5 25. Rxb5 Nd6 26. Rxa5 Rxa5 27. Bxa5 Rc8 28. Bb4 g6 29. Qxf6 Nef5 30. Bxd6 Qxd6 31. Qxd6 Nxd6 32. Nf3 Rc5 33. Ng5 h6 34. Nf3 Kf7 35. Re1 Kf6 36. Rb1 Rc6 37. Rc1 Nb7 38. Re1 Re6 39. Nd2 Nc5 40. Ne4+ Nxe4 41. Rxe4 Rd6 42. f4 exf4 43. Rxf4+ Ke5 44. Kg2 g5 45. Re4+ Kf5 46. h3 h5 47. g4+ Kg6 48. gxh5+ Kxh5 49. Kg3 Rd8 50. Re5 Ra8 51. Rd5 1-0

[Event "56.SMM B Steinegg/Rk-Ridnaun/Sterzing"]
[Site "Shredder fur iPad"]
[Date "2025.02.22"]
[Round "8.1"]
[White "Keim, Simon"]
[Black "Engl, Stefan"]
[Result "0-1"]
[WhiteElo "1869"]
[BlackElo "2004"]
[PlyCount "73"]
[EventDate "2025.??.??"]

{[%evp 0,73,28,35,47,6,13,-16,15,30,9,-29,5,-17,-21,-30,-34,-17,-40,-36,-36,-31,-10,-10,5,-3,-7,0,-6,-11,-35,-41,-35,-73,-60,-100,-92,-112,-101,-115,-82,-133,-133,-132,-115,-98,-109,-121,-111,-100,-92,-92,-74,-85,-63,-241,-153,-208,-198,-392,-233,-233,-186,-1099,-228,-972,-151,-1426,-1610,-1610,-319,-431,-64,-61,-61,-54]} 1. e4 e6 2. d3 d5 3. Nd2 c5 4. Ngf3 Nc6 5. c3 Nge7 6. Qc2 g6 7. g3 Bg7 8. Bg2 O-O 9. O-O b6 10. Re1 Ba6 11. exd5 Nxd5 12. a3 Rc8 13. Nc4 Qc7 14. Ne3 Rfd8 15. Rd1 Nde7 16. Bf1 Rd7 17. Ng2 Bb7 18. Nge1 Rcd8 19. Bf4 e5 20. Be3 Nf5 21. Bg5 Re8 22. Bg2 h6 23. Bd2 Red8 24. g4 Nfe7 25. b4 c4 26. dxc4 e4 27. Nd4 Bxd4 28. cxd4 Nxd4 29. Qb2 Qxc4 30. Bxh6 Kh7 31. Bc1 Qe6 32. g5 Nef5 33. Bh3 Nf3+ 34. Kh1 Qe5 35. Qxe5 Nxe5 36. Rxd7 Rxd7 37. Bf4 0-1

[Event "56.SMM B Steinegg/Rk-Ridnaun/Sterzing"]
[Site "Shredder fur iPad"]
[Date "2025.02.22"]
[Round "8.2"]
[White "Pichler, Martin"]
[Black "Pierini, Edoardo"]
[Result "1-0"]
[WhiteElo "1930"]
[BlackElo "1656"]
[PlyCount "101"]
[EventDate "2025.??.??"]

{[%evp 0,101,37,22,42,42,52,13,38,40,39,1,38,20,15,30,24,-9,2,-7,42,-19,66,23,49,44,44,30,45,47,62,55,62,62,75,70,62,66,66,40,57,55,59,57,59,53,59,38,51,48,26,40,47,36,39,112,114,134,157,186,226,226,364,373,381,306,330,324,502,212,225,149,151,157,167,123,128,103,101,52,54,18,54,54,177,159,158,181,210,196,187,197,197,192,178,127,92,116,120,104,369,417,412,441]} 1. e4 c5 2. Nc3 e6 3. f4 Nf6 4. Nf3 Nc6 5. Bb5 d5 6. e5 Nd7 7. O-O Be7 8. d3 O-O 9. Bd2 f6 10. Qe1 f5 11. Ba4 a6 12. Bxc6 bxc6 13. Na4 a5 14. c4 Qc7 15. Rc1 Qa7 16. Be3 d4 17. Bf2 Nb6 18. Nxb6 Qxb6 19. Rc2 Qb4 20. Rd2 a4 21. Bh4 Qb7 22. Kh1 Qc7 23. Rg1 Qd8 24. Bxe7 Qxe7 25. g4 Bd7 26. Rdg2 fxg4 27. Rxg4 g6 28. Qg3 Be8 29. Ng5 h6 30. Ne4 Rd8 31. Nxc5 Kh8 32. Qh4 Qxh4 33. Rxh4 Bf7 34. Nxa4 Kg7 35. Rhg4 Ra8 36. b3 Ra5 37. h4 h5 38. R4g2 c5 39. Rf2 Be8 40. Nb6 Bc6+ 41. Kh2 Rb8 42. f5 exf5 43. Nd5 Bxd5 44. cxd5 Kf7 45. Kg3 Rba8 46. Rgg2 Rd8 47. d6 c4 48. Re2 Ke6 49. Kf4 Rg8 50. dxc4 Rg7 51. Rg3 1-0

[Event "56.SMM B Steinegg/Rk-Ridnaun/Sterzing"]
[Site "Shredder fur iPad"]
[Date "2025.02.22"]
[Round "8.3"]
[White "Sparber, Werner"]
[Black "Engl, Alexander"]
[Result "1-0"]
[WhiteElo "1825"]
[BlackElo "1906"]
[PlyCount "69"]
[EventDate "2025.??.??"]

{[%evp 0,69,22,30,38,-10,53,54,41,47,48,45,28,28,20,16,28,30,3,-27,-1,-2,2,-37,-12,-2,13,11,29,26,16,75,143,131,128,128,106,141,141,91,141,54,50,50,262,243,233,572,572,195,771,774,1131,1131,1137,1191,1251,1272,1415,989,1317,1130,1130,1167,29987,29988,29989,29994,29995,29992,29993,29994]} 1. d4 e6 2. c4 f5 3. Nc3 Nf6 4. Nf3 Bb4 5. Bd2 O-O 6. e3 b6 7. Qb3 Bxc3 8. Bxc3 Bb7 9. Bb4 Re8 10. Bd3 Ne4 11. d5 exd5 12. cxd5 Kh8 13. Rc1 c6 14. h4 c5 15. Bxe4 cxb4 16. Bxf5 Qf6 17. Bb1 Na6 18. Qd3 g6 19. h5 Nc5 20. Rxc5 bxc5 21. hxg6 c4 22. g7+ Kxg7 23. Qxh7+ Kf8 24. Rh6 Qg7 25. Qf5+ Qf7 26. Rf6 Bxd5 27. Rxf7+ Bxf7 28. Ng5 Re7 29. Be4 Rc8 30. Bd5 Rc5 31. Nxf7 c3 32. Nd6+ Kg7 33. Qg5+ Kh7 34. Qxe7+ Kg6 35. Be4+ 1-0

[Event "56.SMM B Steinegg/Rk-Ridnaun/Sterzing"]
[Site "Shredder fur iPad"]
[Date "2025.02.22"]
[Round "8.4"]
[White "Psenner, Matthias"]
[Black "Obermuller, Johann"]
[Result "1-0"]
[WhiteElo "1593"]
[BlackElo "1790"]
[PlyCount "89"]
[EventDate "2025.??.??"]

{[%evp 0,89,22,22,22,15,15,6,4,8,1,31,29,43,23,23,67,28,8,8,-3,2,6,1,-7,-23,23,22,23,30,28,45,48,45,46,35,42,34,37,34,38,27,29,33,35,30,29,26,35,34,31,30,37,47,40,60,58,58,66,88,91,0,0,0,-7,-15,-3,0,130,146,133,131,131,117,123,137,190,214,246,249,251,270,279,287,683,702,1211,1341,1492,1779,2206,2544]} 1. e4 e5 2. Nf3 Nc6 3. d4 exd4 4. Nxd4 Bc5 5. Be3 Qf6 6. c3 Nge7 7. Bc4 d6 8. O-O O-O 9. Nxc6 Nxc6 10. Bxc5 dxc5 11. Nd2 Be6 12. Qe2 Bxc4 13. Nxc4 Rfd8 14. Rfd1 Rxd1+ 15. Rxd1 Rd8 16. f3 Rxd1+ 17. Qxd1 Qd8 18. Qxd8+ Nxd8 19. Kf2 f6 20. f4 Kf7 21. Kf3 Nc6 22. a4 a6 23. a5 Ke6 24. h4 Ne7 25. g4 Nc6 26. f5+ Ke7 27. Kf4 Ke8 28. g5 Ke7 29. e5 fxe5+ 30. Nxe5 Nxa5 31. h5 b5 32. h6 gxh6 33. gxh6 Kf6 34. Nd7+ Ke7 35. Nxc5 Nc4 36. b3 Nd2 37. Nxa6 c6 38. Nc5 Kf7 39. b4 Ke7 40. Ne4 Nc4 41. Ng5 Nb6 42. Nxh7 Nd5+ 43. Ke5 Nxc3 44. f6+ Kf7 45. Ng5+ 1-0

[Event "56.SMM B Steinegg/Rk-Ridnaun/Sterzing"]
[Site "Shredder fur iPad"]
[Date "2025.02.22"]
[Round "8.5"]
[White "Schgaguler, Gunther"]
[Black "Helfer, August"]
[Result "1/2-1/2"]
[WhiteElo "1689"]
[BlackElo "1794"]
[PlyCount "57"]
[EventDate "2025.??.??"]

{[%evp 0,57,22,25,23,0,47,50,33,25,58,73,74,82,142,31,68,46,82,26,60,-8,-24,-30,-42,-41,-30,-42,-33,-25,-40,-37,-26,-31,4,4,-3,-13,-11,-61,-5,-55,-51,-58,-15,-42,-45,-41,-10,-10,-27,-98,-79,-90,-94,-111,-41,-104,-41,-39]} 1. d4 e6 2. c4 f5 3. Nc3 Nf6 4. Bg5 d5 5. Bxf6 Qxf6 6. cxd5 e5 7. Nf3 e4 8. Ne5 Bd6 9. Qa4+ Nd7 10. Nxd7 Bxd7 11. Qb3 Qxd4 12. e3 Qb6 13. Bb5 Bxb5 14. Qxb5+ Qxb5 15. Nxb5 Kd7 16. Ke2 a6 17. Nd4 g6 18. Rab1 Rhe8 19. Ne6 a5 20. f4 a4 21. h4 h5 22. Rhd1 Ra5 23. Ng5 Ke7 24. Rbc1 Rea8 25. Ne6 Kd7 26. Rc4 Rb5 27. Rd2 Rba5 28. Rdc2 Rc8 29. Nc5+ 1/2-1/2